[Event "Novorossiysk Small Land Blitz op"]
[Site "Novorossiysk"]
[Date "2023.07.29"]
[Round "9"]
[White "Grebnev, Aleksey"]
[Black "Kurbatov, Andrei"]
[Result "0-1"]
[WhiteElo "2488"]
[BlackElo "1965"]
[PlyCount "53"]
[EventDate "2023.07.29"]
[EventType "swiss (blitz)"]
[EventRounds "13"]
[EventCountry "RUS"]
[SourceTitle "CBM 215 Extra"]
[Source "ChessBase"]
[SourceDate "2023.09.30"]
[SourceVersion "1"]
[SourceVersionDate "2023.09.30"]
[SourceQuality "1"]

1. d4 d5 2. c4 e6 3. Nc3 Nf6 4. cxd5 exd5 5. Bg5 Nbd7 6. e3 c6 7. Bd3 Be7 8. Qc2 0-0 9. Nge2 Re8 10. 0-0 Nf8 11. f3 b5 12. h3 Bd7 13. e4 b4 14. Na4 dxe4 15. fxe4 Rc8 16. Nc5 Nh5 17. Be3 Bg5 18. Bxg5 Qxg5 19. Rf3 Rb8 20. Raf1 Be6 21. Nxe6 Nxe6 22. Qxc6 Rf8 23. d5 Nd8 24. Qc5 Rb6 25. Rf5 Qh4 26. e5 Rg6 27. R5f3 0-1

[Event "Lipetsk op"]
[Site "Lipetsk"]
[Date "2010.06.29"]
[Round "7"]
[White "Kurbatov, Andrei"]
[Black "Kostoglotov, Dmitry"]
[Result "0-1"]
[WhiteElo "2135"]
[BlackElo "1929"]
[PlyCount "102"]
[EventDate "2010.06.23"]
[EventType "swiss"]
[EventRounds "9"]
[EventCountry "RUS"]
[SourceTitle "CBM 137 Extra"]
[Source "ChessBase"]
[SourceDate "2010.09.01"]
[SourceVersion "1"]
[SourceVersionDate "2010.09.01"]
[SourceQuality "1"]

1. d4 Nf6 2. c4 e6 3. Nc3 Bb4 4. Bd2 0-0 5. Nf3 b6 6. g3 Bb7 7. Bg2 d5 8. Ne5 Nbd7 9. 0-0 Bxc3 10. bxc3 Nxe5 11. dxe5 Ne4 12. cxd5 Bxd5 13. c4 Nxd2 14. cxd5 Nxf1 15. d6 Rc8 16. d7 Rb8 17. Bc6 Ne3 18. fxe3 Qe7 19. Qd4 Rfd8 20. a4 a6 21. Rd1 Qc5 22. Qxc5 bxc5 23. Rc1 Kf8 24. Rxc5 Ke7 25. a5 f6 26. Rc4 fxe5 27. Ba4 Kd6 28. Rc6+ Kxd7 29. Rxa6+ Ke7 30. Rc6 Rb7 31. a6 Ra7 32. Bb5 Rd6 33. Rc1 Rb6 34. Bd3 e4 35. Bxe4 Rbxa6 36. Kf2 Kd6 37. Bxh7 c5 38. Bd3 Ra1 39. Rc3 R7a3 40. Rc4 Ra4 41. Rc2 Kd5 42. e4+ Kd4 43. Bb5 Rb4 44. e3+ Kxe4 45. Bc6+ Kd3 46. Rxc5 Ra7 47. Re5 Rf7+ 48. Kg2 Rf6 49. h4 Rg4 50. Kh3 Rfg6 51. Be4+ Rxe4 0-1

[Event "Lipetsk op"]
[Site "Lipetsk"]
[Date "2010.06.27"]
[Round "5"]
[White "Kurbatov, Andrei"]
[Black "Koshelev, Alexey"]
[Result "1/2-1/2"]
[WhiteElo "2135"]
[BlackElo "1840"]
[PlyCount "158"]
[EventDate "2010.06.23"]
[EventType "swiss"]
[EventRounds "9"]
[EventCountry "RUS"]
[SourceTitle "CBM 137 Extra"]
[Source "ChessBase"]
[SourceDate "2010.09.01"]
[SourceVersion "1"]
[SourceVersionDate "2010.09.01"]
[SourceQuality "1"]

1. d4 Nf6 2. Bg5 g6 3. Bxf6 exf6 4. e3 f5 5. c4 d6 6. Nd2 Bg7 7. Bd3 Nd7 8. Ne2 Nf6 9. 0-0 0-0 10. Qc2 c5 11. Rab1 Qc7 12. Rfc1 Bd7 13. b4 b6 14. Nf4 Rac8 15. Nf3 Bc6 16. d5 Bd7 17. b5 Ng4 18. Be2 Qd8 19. h3 Nf6 20. Bd3 Ne4 21. Nd2 Nxd2 22. Qxd2 Be5 23. Be2 Re8 24. Bf3 Qh4 25. g3 Qh6 26. h4 Qf8 27. Kg2 h6 28. Rh1 Bg7 29. Be2 Qe7 30. Bd3 Qf6 31. Rb3 Ra8 32. Ra3 Qe5 33. Re1 Qb2 34. Qxb2 Bxb2 35. Rb3 Bg7 36. Reb1 Kf8 37. a4 Bf6 38. Ra3 a5 39. Bc2 Re7 40. Ra2 Bg7 41. Bd3 Bf6 42. Re2 Rae8 43. Rbe1 Bc3 44. Rd1 Kg7 45. Rc1 Bf6 46. Rcc2 Kf8 47. Nh3 Kg7 48. Ng1 Bc8 49. Nf3 Bd7 50. Nd2 Be5 51. f4 Bd4 52. exd4 Rxe2+ 53. Bxe2 Rxe2+ 54. Kf3 Re1 55. dxc5 dxc5 56. Ra2 Kf6 57. Ra3 Ke7 58. Kf2 Rd1 59. Ke2 Rc1 60. Kd3 f6 61. Ke2 Kd6 62. Ra2 Rc3 63. Kf2 Rc1 64. Ra3 g5 65. hxg5 fxg5 66. Rb3 Ra1 67. Rb1 Rxb1 68. Nxb1 Be8 69. Nd2 Bh5 70. Ke1 gxf4 71. gxf4 Bg4 72. Nf1 h5 73. Ne3 h4 74. Kf2 h3 75. Nxg4 fxg4 76. Kg3 Ke7 77. f5 Kf6 78. d6 Kf7 79. Kh2 Kf6 1/2-1/2

[Event "Lipetsk Region-ch"]
[Site "Lipetsk"]
[Date "2010.03.30"]
[Round "9"]
[White "Skomorohov, Grigorij"]
[Black "Kurbatov, Andrei"]
[Result "0-1"]
[WhiteElo "2135"]
[BlackElo "2135"]
[PlyCount "81"]
[EventDate "2010.03.22"]
[EventType "swiss"]
[EventRounds "9"]
[EventCountry "RUS"]
[SourceTitle "EXT 2011"]
[Source "ChessBase"]
[SourceDate "2010.11.26"]
[SourceVersion "1"]
[SourceVersionDate "2010.11.26"]
[SourceQuality "1"]

1. e4 c6 2. Nc3 d5 3. Nf3 Bg4 4. h3 Bxf3 5. Qxf3 dxe4 6. Nxe4 Nd7 7. d4 Ngf6 8. Bd3 Nxe4 9. Qxe4 Nf6 10. Qh4 e6 11. 0-0 Bd6 12. Bg5 h6 13. Bxf6 Qxf6 14. Qxf6 gxf6 15. Be4 0-0-0 16. Rad1 Rhg8 17. Bf3 Kc7 18. Rd3 Rg5 19. a4 a6 20. Rfd1 f5 21. Kf1 f6 22. c4 e5 23. dxe5 fxe5 24. c5 Be7 25. Rxd8 Bxd8 26. Rd6 e4 27. h4 Rg7 28. Be2 Bxh4 29. Rxh6 Bg5 30. Rh5 f4 31. Bc4 Kd7 32. b3 Ke7 33. Rh8 Kf6 34. Re8 Kf5 35. Be6+ Ke5 36. b4 Kd4 37. Bf5 e3 38. Re4+ Kd5 39. Re8 Kc4 40. Re4+ Kb3 41. a5 0-1

[Event "Lipetsk"]
[Site "Lipetsk"]
[Date "2010.01.17"]
[Round "4"]
[White "Kurbatov, Andrei"]
[Black "Filin, Alexander"]
[Result "0-1"]
[WhiteElo "2153"]
[BlackElo "2186"]
[PlyCount "108"]
[EventDate "2010.01.14"]
[EventType "tourn"]
[EventRounds "8"]
[EventCountry "RUS"]
[SourceTitle "EXT 2022"]
[Source "ChessBase"]
[SourceDate "2021.10.06"]
[SourceVersion "1"]
[SourceVersionDate "2021.10.06"]
[SourceQuality "1"]

1. d4 d5 2. c4 Nc6 3. Nc3 e6 4. Nf3 Nf6 5. Bg5 Be7 6. e3 Ne4 7. Bxe7 Nxe7 8. Bd3 f5 9. Rc1 c6 10. 0-0 0-0 11. Ne5 Bd7 12. f3 Nf6 13. c5 Be8 14. Qd2 Ng6 15. Nxg6 Bxg6 16. b4 Qe7 17. f4 Ne4 18. Nxe4 fxe4 19. Be2 Bf5 20. Qe1 a6 21. g4 Bg6 22. Qg3 Qc7 23. a3 Be8 24. Rb1 a5 25. b5 b6 26. Rfc1 cxb5 27. c6 Rc8 28. Bxb5 Qd6 29. Rc2 Bxc6 30. Ba6 Bb7 31. Rxc8 Bxc8 32. Bxc8 Rxc8 33. f5 Qxg3+ 34. hxg3 Rc6 35. Rb5 Kf7 36. Rb3 exf5 37. gxf5 Kf6 38. Rb5 Rd6 39. Rb2 Kxf5 40. Rc2 h5 41. Rc7 g5 42. a4 Kg4 43. Kg2 Rf6 44. Rd7 Rf3 45. Rxd5 Rxe3 46. Re5 Rxg3+ 47. Kf2 Kf4 48. Re6 Rd3 49. Rd6 e3+ 50. Ke2 Rd2+ 51. Ke1 h4 52. d5 h3 53. Rd8 h2 54. Rh8 g4 0-1

[Event "Lipetsk"]
[Site "Lipetsk"]
[Date "2010.01.15"]
[Round "2"]
[White "Morev, Ivan"]
[Black "Kurbatov, Andrei"]
[Result "1/2-1/2"]
[WhiteElo "2277"]
[BlackElo "2153"]
[PlyCount "145"]
[EventDate "2010.01.14"]
[EventType "tourn"]
[EventRounds "8"]
[EventCountry "RUS"]
[SourceTitle "EXT 2022"]
[Source "ChessBase"]
[SourceDate "2021.10.06"]
[SourceVersion "1"]
[SourceVersionDate "2021.10.06"]
[SourceQuality "1"]

1. e4 c6 2. d4 d5 3. exd5 cxd5 4. Bd3 Nc6 5. c3 Nf6 6. f4 g6 7. h3 Bf5 8. g4 Be4 9. Bxe4 Nxe4 10. Nd2 Nd6 11. Qf3 e6 12. Ne2 h5 13. g5 Nf5 14. b3 Rc8 15. Bb2 Bd6 16. Nf1 Qa5 17. Kf2 0-0 18. Ne3 Nce7 19. Ng4 hxg4 20. hxg4 Kg7 21. gxf5 Nxf5 22. Ng3 Nxg3 23. Kxg3 Rh8 24. a4 Rxh1 25. Rxh1 Rh8 26. Rxh8 Kxh8 27. Qe3 b5 28. axb5 Qa2 29. Qe2 Kg8 30. b4 Qb1 31. Qd2 Qf1 32. Bc1 Qxb5 33. Kf2 Qc4 34. Ke1 Qc7 35. Kd1 a5 36. bxa5 Qxa5 37. Ke2 Qa1 38. Kd1 Kg7 39. Kc2 Qa2+ 40. Kd1 Qb3+ 41. Ke2 Qb1 42. Qe3 Qf5 43. Bd2 f6 44. gxf6+ Kxf6 45. Qg3 Qh5+ 46. Kd3 Kf5 47. Kc2 Qg4 48. Qd3+ Kf6 49. Qe3 Qg2 50. Kd1 Qh1+ 51. Ke2 Kf5 52. Qf3 Qh5 53. Kf2 Qg4 54. Qd3+ Kf6 55. Qe3 Qd1 56. Kg2 Bc7 57. Kf2 Qc2 58. Kg2 Qf5 59. Kg1 Ba5 60. Kg2 Kf7 61. Kg3 Bd8 62. Qe5 Qd3+ 63. Qe3 Qf1 64. Qe1 Qxe1+ 65. Bxe1 g5 66. fxg5 Bxg5 67. Kf3 Kg6 68. Ke2 Kf5 69. Kd3 Bf4 70. Bh4 Bh2 71. c4 dxc4+ 72. Kxc4 Ke4 73. Bf6 1/2-1/2

[Event "Lipetsk"]
[Site "Lipetsk"]
[Date "2010.01.14"]
[Round "1"]
[White "Kurbatov, Andrei"]
[Black "Skomorohov, Grigorij"]
[Result "0-1"]
[WhiteElo "2153"]
[BlackElo "2144"]
[PlyCount "106"]
[EventDate "2010.01.14"]
[EventType "tourn"]
[EventRounds "8"]
[EventCountry "RUS"]
[SourceTitle "EXT 2022"]
[Source "ChessBase"]
[SourceDate "2021.10.06"]
[SourceVersion "1"]
[SourceVersionDate "2021.10.06"]
[SourceQuality "1"]

1. d4 d5 2. c4 e6 3. Nc3 f5 4. g3 Nf6 5. Bg2 c6 6. Nf3 Be7 7. 0-0 0-0 8. Qc2 Ne4 9. Bf4 Bd7 10. Rab1 Be8 11. b4 a6 12. c5 Nd7 13. Ne5 Bf6 14. Nxd7 Qxd7 15. Na4 Rd8 16. f3 Ng5 17. Bd6 Bxd4+ 18. Kh1 Bg6 19. Qd2 Bf6 20. Bxf8 Rxf8 21. Rbd1 Qe7 22. e3 e5 23. Nc3 Bh5 24. f4 exf4 25. exf4 Bxc3 26. Qxc3 Bxd1 27. Re1 Ne4 28. Bxe4 fxe4 29. Rxd1 e3 30. Qd4 Re8 31. Kg2 Qe4+ 32. Qxe4 Rxe4 33. Kf3 Re7 34. Ke2 Re4 35. a3 Kf7 36. Kd3 Kf6 37. Re1 a5 38. bxa5 Ra4 39. Kxe3 Re4+ 40. Kd2 Rxe1 41. Kxe1 Kf5 42. Ke2 Ke4 43. Kd2 Kd4 44. f5 Kxc5 45. g4 Kd6 46. Kc3 Ke5 47. h4 h5 48. gxh5 Kxf5 49. Kb4 Ke6 50. Kc5 Kd7 51. a4 Kc7 52. h6 gxh6 53. h5 Kd7 0-1

[Event "Lipetsk-A 17th"]
[Site "Lipetsk"]
[Date "2008.12.12"]
[Round "7"]
[White "Kurbatov, Andrei"]
[Black "Venevtsev, Andrey"]
[Result "0-1"]
[WhiteElo "2176"]
[BlackElo "2235"]
[PlyCount "60"]
[EventDate "2008.11.28"]
[EventType "tourn"]
[EventRounds "9"]
[EventCountry "RUS"]
[SourceTitle "EXT 2022"]
[Source "ChessBase"]
[SourceDate "2021.10.06"]
[SourceVersion "1"]
[SourceVersionDate "2021.10.06"]
[SourceQuality "1"]

1. d4 Nf6 2. c4 c5 3. d5 e6 4. Nc3 exd5 5. cxd5 d6 6. e4 g6 7. f4 Bg7 8. Bb5+ Nfd7 9. Nf3 0-0 10. 0-0 a6 11. Bd3 b5 12. a3 Re8 13. Re1 Nb6 14. Be3 N8d7 15. h3 b4 16. axb4 cxb4 17. Na4 Nxa4 18. Rxa4 Bxb2 19. Re2 Bc3 20. Nd4 Bb7 21. Nc6 Bxc6 22. dxc6 Nc5 23. Bxc5 dxc5 24. e5 Qd4+ 25. Kh1 c4 26. Bc2 Qxf4 27. e6 Rxe6 28. Rxe6 fxe6 29. Qe2 Be5 30. g4 Qg3 0-1

[Event "Lipetsk Region-ch sf"]
[Site "Lipetsk"]
[Date "2007.10.03"]
[Round "4"]
[White "Koziakov, Ilia"]
[Black "Kurbatov, Andrei"]
[Result "0-1"]
[WhiteElo "1866"]
[BlackElo "2122"]
[PlyCount "76"]
[EventDate "2007.09.25"]
[EventType "swiss"]
[EventRounds "9"]
[EventCountry "RUS"]
[SourceTitle "EXT 2022"]
[Source "ChessBase"]
[SourceDate "2021.10.06"]
[SourceVersion "1"]
[SourceVersionDate "2021.10.06"]
[SourceQuality "1"]

1. e4 Nf6 2. e5 Nd5 3. g3 e6 4. Bg2 c5 5. Nf3 Nc6 6. 0-0 d6 7. exd6 Bxd6 8. d4 0-0 9. b3 cxd4 10. Nxd4 Be5 11. Bb2 Qf6 12. c3 Nxc3 13. Nxc6 Nxd1 14. Bxe5 Qg5 15. f4 Qh5 16. Ne7+ Kh8 17. Bf3 Qh3 18. Rxd1 f6 19. Bd6 Rd8 20. Nc3 e5 21. fxe5 Bg4 22. Bxg4 Qxg4 23. Ncd5 fxe5 24. Bxe5 Rd7 25. Rf1 Rxe7 26. Nxe7 Qe6 27. Rf5 Qxe7 28. Raf1 h6 29. Bb2 Kg8 30. Re5 Qd6 31. Rfe1 Rd8 32. Re7 Rd7 33. R7e6 Qc5+ 34. Kh1 Rd2 35. R6e2 Qc2 36. Rxd2 Qxd2 37. Re7 Qxb2 38. Rxb7 Qc1+ 0-1